000 00347nam a2200133Ia 4500
005 20260328101505.0
008 260328s9999||||xx |||||||||||||| ||und||
100 _aFalkenberg, Haike
245 0 _aNatural flair :
_b Casas de campo /
_cHaike Falkenberg
260 _bEvergreen
300 _a254 p.
650 _aARQUITECTURA RESIDENCIAL
942 _cBK
999 _c9000
_d9000